BIBLIOTECA

SENCICO

El diseño en la vida cotidiana / (Registro nro. 273)

Detalles MARC
000 -LEADER
fixed length control field 00842nam a2200241Ia 4500
003 - CONTROL NUMBER IDENTIFIER
control field PE SENCICO BE
005 - DATE AND TIME OF LATEST TRANSACTION
control field 20251020182432.0
008 - FIXED-LENGTH DATA ELEMENTS--GENERAL INFORMATION
fixed length control field 200515s9999 xx 000 0 und d
020 ## - INTERNATIONAL STANDARD BOOK NUMBER
International Standard Book Number 84-252-1981-7
040 ## - CATALOGING SOURCE
Original cataloging agency PE SENCICO BE
Transcribing agency PE SENCICO BE
041 ## - LANGUAGE CODE
Language code of text/sound track or separate title spa
082 ## - DEWEY DECIMAL CLASSIFICATION NUMBER
Classification number 745.4
Item number H44
100 1# - MAIN ENTRY--PERSONAL NAME
Personal name Heskett, John
9 (RLIN) 2618
Relator term autor
245 10 - TITLE STATEMENT
Title El diseño en la vida cotidiana /
Statement of responsibility, etc. John Heskett
260 ## - PUBLICATION, DISTRIBUTION, ETC.
Place of publication, distribution, etc. Barcelona :
Name of publisher, distributor, etc. Gustavo Gili ;
Date of publication, distribution, etc. 2002
300 ## - PHYSICAL DESCRIPTION
Extent 214 p. :
Other physical details il., graf. ;
Dimensions 21 cm.
490 ## - SERIES STATEMENT
Series statement GG Diseño
505 0# - FORMATTED CONTENTS NOTE
Formatted contents note ¿Que es el diseño? -- La evolución histórica del diseño -- Utilidad y significado -- Objetos -- Comunicaciones -- Entornos -- Identidades -- Sistemas -- Contextos -- Futuros
650 10 - SUBJECT ADDED ENTRY--TOPICAL TERM
Topical term or geographic name entry element Diseño
9 (RLIN) 965
650 20 - SUBJECT ADDED ENTRY--TOPICAL TERM
Topical term or geographic name entry element Historia
9 (RLIN) 707
650 20 - SUBJECT ADDED ENTRY--TOPICAL TERM
Topical term or geographic name entry element Comunicación en diseño
9 (RLIN) 967
942 ## - ADDED ENTRY ELEMENTS (KOHA)
Koha item type Libros
Source of classification or shelving scheme Dewey Decimal Classification
Existencias
Fecha de la última vez que lo usaron Número de ingreso o de inventario Pago total Signatura topográfica completa Código de barras Precio efectivo desde Tipo de documento Estado perdido Sistema de clasificación Estado dañado No es para préstamo Retirado Ubicación permanente Ubicación actual Fecha de adquisición
15/05/2020 14048   745.4/H44 BibLima24100028 15/05/2020 Libros   Dewey Decimal Classification       Biblioteca Central Lima Biblioteca Central Lima 15/05/2020